[Event "Crema op-B 17th"]
[Site "Crema"]
[Date "2016.09.02"]
[Round "2"]
[White "Lussetti, Jacopo"]
[Black "Paniga, Danilo"]
[Result "0-1"]
[WhiteElo "1632"]
[BlackElo "1764"]
[PlyCount "82"]
[EventDate "2016.09.02"]
[EventType "swiss"]
[EventRounds "6"]
[EventCountry "ITA"]
[SourceTitle "EXT 2018"]
[Source "ChessBase"]
[SourceDate "2017.10.13"]
[SourceVersion "1"]
[SourceVersionDate "2017.10.13"]
[SourceQuality "1"]

1. d4 f5 2. Bg5 h6 3. Bh4 g5 4. Bg3 Nf6 5. e3 Bg7 6. Bd3 d6 7. c4 0-0 8. Qc2 Nh5 9. Ne2 e5 10. dxe5 dxe5 11. f3 Nc6 12. a3 f4 13. exf4 Nxf4 14. Bxf4 exf4 15. Nbc3 Ne5 16. Bh7+ Kh8 17. Rd1 Qe7 18. Nd5 Qc5 19. b4 Qxc4 20. Qxc4 Nxc4 21. Be4 c6 22. Ne7 Re8 23. Nxc8 Raxc8 24. Rd7 Rcd8 25. Rc7 Ne3 26. Kf2 Rd2 27. Bg6 Ng4+ 28. fxg4 Bd4+ 29. Ke1 Rexe2+ 30. Kf1 Bf2 31. Rc8+ Kg7 32. Re8 Be3 33. Bb1 Rf2+ 34. Ke1 Rb2 35. Be4 Rfe2+ 36. Kf1 Red2 37. Ke1 Ra2 38. Re7+ Kf6 39. Bb1 Ra1 40. Rxe3 fxe3 41. Rf1+ Ke7 0-1

[Event "Robecchetto op-B 25th"]
[Site "Robecchetto"]
[Date "2014.12.28"]
[Round "4"]
[White "Primerano, Carlo"]
[Black "Paniga, Danilo"]
[Result "1-0"]
[WhiteElo "1719"]
[BlackElo "1858"]
[PlyCount "63"]
[EventDate "2014.12.26"]
[EventType "swiss"]
[EventRounds "6"]
[EventCountry "ITA"]
[SourceTitle "EXT 2017"]
[Source "ChessBase"]
[SourceDate "2016.10.25"]
[SourceVersion "1"]
[SourceVersionDate "2016.10.25"]
[SourceQuality "1"]

1. d4 f5 2. g3 Nf6 3. Bg2 g6 4. Nf3 Bg7 5. 0-0 0-0 6. b3 d6 7. Bb2 Qe8 8. c4 a5 9. a3 c6 10. Nbd2 Na6 11. Qc2 Kh8 12. Rfd1 Rb8 13. Bc3 b6 14. Qb2 Ne4 15. Nxe4 fxe4 16. Nd2 d5 17. f3 exf3 18. Nxf3 Bf5 19. Ne5 Bxe5 20. dxe5 e6 21. cxd5 cxd5 22. b4 a4 23. Rd4 g5 24. e4 Bxe4 25. Bxe4 dxe4 26. Rxe4 Nc7 27. Rd1 Nd5 28. Rxd5 exd5 29. e6+ Kg8 30. Re5 Qe7 31. Qd2 Qf6 32. Rxg5+ 1-0

[Event "Robecchetto op-B 25th"]
[Site "Robecchetto"]
[Date "2014.12.27"]
[Round "2"]
[White "Palminteri, Vincenzo"]
[Black "Paniga, Danilo"]
[Result "1/2-1/2"]
[WhiteElo "1776"]
[BlackElo "1858"]
[PlyCount "45"]
[EventDate "2014.12.26"]
[EventType "swiss"]
[EventRounds "6"]
[EventCountry "ITA"]
[SourceTitle "EXT 2017"]
[Source "ChessBase"]
[SourceDate "2016.10.25"]
[SourceVersion "1"]
[SourceVersionDate "2016.10.25"]
[SourceQuality "1"]

1. e4 d6 2. d4 Nf6 3. Bd3 e5 4. c3 Be7 5. h3 Nbd7 6. Nf3 c6 7. 0-0 0-0 8. Be3 Qc7 9. Nbd2 a6 10. Rc1 b5 11. c4 exd4 12. Nxd4 Ne5 13. Be2 b4 14. f4 Ng6 15. Bf3 Nh4 16. Be2 c5 17. N4f3 Ng6 18. Qe1 Bb7 19. Bd3 Rae8 20. Qg3 Nh5 21. Qg4 Nf6 22. Qg3 Nh5 23. Qg4 1/2-1/2

[Event "Robecchetto op-B 24th"]
[Site "Robecchetto"]
[Date "2013.12.29"]
[Round "4"]
[White "Caldi, Mario"]
[Black "Paniga, Danilo"]
[Result "1-0"]
[WhiteElo "1865"]
[BlackElo "1843"]
[PlyCount "61"]
[EventDate "2013.12.27"]
[EventType "swiss"]
[EventRounds "6"]
[EventCountry "ITA"]
[SourceTitle "EXT 2015"]
[Source "ChessBase"]
[SourceDate "2014.11.20"]
[SourceVersion "1"]
[SourceVersionDate "2014.11.20"]
[SourceQuality "1"]

1. e4 d6 2. d4 Nf6 3. Nc3 c6 4. Nf3 Bg4 5. h3 Bh5 6. Bg5 Nbd7 7. Qd3 Qa5 8. Bd2 Qc7 9. Be2 e6 10. g4 Bg6 11. Nh4 Be7 12. Nxg6 hxg6 13. f4 Nb6 14. 0-0-0 Nfd7 15. Kb1 0-0-0 16. Bf3 e5 17. Be3 Nf6 18. d5 Kb8 19. Qe2 cxd5 20. fxe5 dxe4 21. exd6 Rxd6 22. Bxe4 Rxd1+ 23. Qxd1 Nxe4 24. Nxe4 Ka8 25. Qf3 Nd5 26. Bd4 f6 27. Nc3 Nxc3+ 28. Bxc3 Qd7 29. Rd1 Rxh3 30. Rxd7 Rxf3 31. Rxe7 1-0

[Event "Robecchetto op-B 24th"]
[Site "Robecchetto"]
[Date "2013.12.28"]
[Round "3"]
[White "Paniga, Danilo"]
[Black "Raselli, Claudio"]
[Result "1/2-1/2"]
[WhiteElo "1843"]
[BlackElo "1878"]
[PlyCount "120"]
[EventDate "2013.12.27"]
[EventType "swiss"]
[EventRounds "6"]
[EventCountry "ITA"]
[SourceTitle "EXT 2015"]
[Source "ChessBase"]
[SourceDate "2014.11.20"]
[SourceVersion "1"]
[SourceVersionDate "2014.11.20"]
[SourceQuality "1"]

1. d4 d5 2. Nf3 c5 3. e3 e6 4. c3 Nf6 5. Bd3 Nc6 6. Nbd2 Bd6 7. 0-0 0-0 8. dxc5 Bxc5 9. e4 e5 10. exd5 Nxd5 11. Ne4 Be7 12. Bc4 Nf6 13. Ng3 Bg4 14. Be2 h6 15. h3 Be6 16. b3 Qc7 17. Qc2 Nd5 18. Bb2 Nf4 19. Rac1 Rac8 20. Bd3 Nxd3 21. Qxd3 Rfd8 22. Qe2 Rd7 23. Rfd1 Rcd8 24. Rxd7 Rxd7 25. Rd1 Rxd1+ 26. Qxd1 Qd6 27. Qxd6 Bxd6 28. Ne4 Be7 29. Kf1 Kf8 30. c4 f6 31. Ke2 Ke8 32. Nc3 Kd7 33. Nb5 a6 34. Na3 Nb4 35. Nh4 Nxa2 36. Ng6 Nb4 37. Nxe7 Kxe7 38. Kd2 Bf5 39. Bc3 Nc6 40. Ke3 Kd6 41. b4 Be6 42. g4 Ne7 43. f4 exf4+ 44. Kxf4 Ng6+ 45. Ke4 Ne5 46. Bxe5+ fxe5 47. c5+ Kc6 48. Kxe5 Bd5 49. Kd4 Bg2 50. h4 Bh3 51. g5 hxg5 52. hxg5 Be6 53. Ke5 Bf7 54. Kd4 Kd7 55. Nc2 Bb3 56. Ne3 Ke6 57. Ke4 Ba2 58. Kd4 Bb3 59. Ke4 Ba2 60. Kd4 Bb3 1/2-1/2

[Event "Vimercate Weekend 8th"]
[Site "Vimercate"]
[Date "2013.11.23"]
[Round "5"]
[White "Paniga, Danilo"]
[Black "Passoni, Carlo"]
[Result "1-0"]
[WhiteElo "1820"]
[BlackElo "2229"]
[PlyCount "105"]
[EventDate "2013.11.22"]
[EventType "swiss"]
[EventRounds "5"]
[EventCountry "ITA"]
[SourceTitle "EXT 2024"]
[Source "ChessBase"]
[SourceDate "2023.10.10"]
[SourceVersion "1"]
[SourceVersionDate "2023.10.10"]
[SourceQuality "1"]

1. d4 Nf6 2. Nf3 g6 3. Nbd2 Bg7 4. e4 d6 5. Bd3 Nbd7 6. 0-0 e5 7. dxe5 dxe5 8. b4 0-0 9. Re1 Re8 10. Bf1 a5 11. b5 Nc5 12. Bb2 Na4 13. Ba3 Nc3 14. Qc1 Bh6 15. Bb2 Nfxe4 16. Bd3 Nxd2 17. Nxd2 Na4 18. Bxe5 Bh3 19. gxh3 Qg5+ 20. Bg3 Qxd2 21. Rxe8+ Rxe8 22. Qxd2 Bxd2 23. Bxc7 Nb2 24. Bf1 Bc3 25. Rb1 Re6 26. Bxa5 Bxa5 27. Rxb2 b6 28. c4 Re5 29. Re2 Rg5+ 30. Bg2 Kf8 31. Kf1 Bb4 32. Bc6 Bc5 33. Rc2 Rf5 34. Kg2 Rf4 35. Bd5 Ke7 36. Re2+ Kd6 37. f3 Rf5 38. h4 h5 39. Kg3 Bd4 40. Re4 Bc5 41. Re8 Kd7 42. Ra8 Kd6 43. Re8 Bb4 44. Re2 Bc3 45. Re4 Ba5 46. Kf2 Kc5 47. Re7 f6 48. Re4 Bc3 49. Be6 Bd4+ 50. Ke2 Re5 51. Kd3 Bf2 52. Rxe5+ fxe5 53. Bf7 1-0

[Event "Villa Guardia D Oro Cup 31st"]
[Site "Villa Guardia"]
[Date "2013.11.03"]
[Round "6"]
[White "Guzzetti, Luigi Enrico"]
[Black "Paniga, Danilo"]
[Result "1-0"]
[WhiteElo "1887"]
[BlackElo "1820"]
[PlyCount "111"]
[EventDate "2013.11.01"]
[EventType "swiss"]
[EventRounds "6"]
[EventCountry "ITA"]
[SourceTitle "EXT 2015"]
[Source "ChessBase"]
[SourceDate "2014.11.20"]
[SourceVersion "1"]
[SourceVersionDate "2014.11.20"]
[SourceQuality "1"]

1. e4 d6 2. d4 Nf6 3. Bd3 e5 4. c3 c6 5. Nf3 Nbd7 6. 0-0 Be7 7. Re1 0-0 8. Nbd2 a6 9. Nc4 Qc7 10. Ne3 Re8 11. Nf5 Bf8 12. Bg5 b5 13. a4 Bb7 14. dxe5 dxe5 15. Qe2 Nc5 16. Bxf6 Nxd3 17. Qxd3 gxf6 18. N3h4 Rad8 19. Qg3+ Kh8 20. axb5 cxb5 21. Qe3 Qc5 22. Qf3 Rd2 23. Ng3 Bg7 24. Nh5 Qb6 25. Nf5 Bf8 26. Rad1 Red8 27. Rxd2 Rxd2 28. Qg3 Bxe4 29. Ne3 Bg6 30. Qf3 Bg7 31. g4 Qd8 32. h4 Bxh5 33. gxh5 Bh6 34. Nf5 Bf4 35. Kh1 Qd5 36. Qxd5 Rxd5 37. Rg1 a5 38. Ne7 Rd8 39. Nc6 Ra8 40. Rd1 Kg7 41. Rd5 Ra6 42. Nd8 Kf8 43. Rxb5 Ke7 44. Nb7 a4 45. Nc5 Ra7 46. Kg2 Kd6 47. Nd3 Bd2 48. Kf3 a3 49. bxa3 Rxa3 50. Rb6+ Ke7 51. Nb4 Bxc3 52. Nd5+ Kf8 53. Rb8+ Kg7 54. Ke4 Bd4 55. Ne7 Bxf2 56. Nf5# 1-0

[Event "Villa Guardia D Oro Cup 31st"]
[Site "Villa Guardia"]
[Date "2013.11.02"]
[Round "3"]
[White "Paniga, Danilo"]
[Black "Raineri, Valerio"]
[Result "0-1"]
[WhiteElo "1820"]
[BlackElo "2109"]
[PlyCount "116"]
[EventDate "2013.11.01"]
[EventType "swiss"]
[EventRounds "6"]
[EventCountry "ITA"]
[SourceTitle "EXT 2015"]
[Source "ChessBase"]
[SourceDate "2014.11.20"]
[SourceVersion "1"]
[SourceVersionDate "2014.11.20"]
[SourceQuality "1"]

1. d4 Nf6 2. Nf3 g6 3. Nbd2 Bg7 4. e4 d6 5. Bd3 0-0 6. 0-0 Nfd7 7. Re1 e5 8. dxe5 dxe5 9. c3 Nc5 10. Bc4 Nd3 11. Qc2 Nxe1 12. Nxe1 Qe7 13. Ndf3 Be6 14. Bf1 h6 15. Nd3 Nd7 16. b4 f5 17. Nd2 Rf7 18. a4 Kh8 19. Ba3 Bf8 20. Nb3 Bxb3 21. Qxb3 fxe4 22. Nc5 Nxc5 23. bxc5 Qf6 24. Bc4 Qxf2+ 25. Kh1 Rf5 26. Rg1 Bxc5 27. Bxc5 Qxc5 28. Qxb7 Raf8 29. Qxe4 Kg7 30. Qd3 Qd6 31. Qe3 Rf4 32. Be2 Rxa4 33. h3 Ra5 34. Bf3 Qc5 35. Qd3 Ra3 36. Rc1 Rf7 37. Be4 Qd6 38. Qc2 Rf4 39. Rd1 Qb6 40. Rd7+ Rf7 41. Qd1 Qf6 42. Kh2 Qf4+ 43. g3 Qxe4 44. Rxf7+ Kxf7 45. Qd7+ Kf6 46. Qd8+ Ke6 47. Qe8+ Kd5 48. Qa8+ c6 49. Qg8+ Kc5 50. Qf8+ Kb5 51. Qxa3 Qe2+ 52. Kg1 a5 53. c4+ Qxc4 54. Qb2+ Ka6 55. Qxe5 Qc1+ 56. Kf2 Qc2+ 57. Ke3 Qb3+ 58. Kd2 Qd5+ 0-1

[Event "Villa Guardia D Oro Cup 30th"]
[Site "Villa Guardia"]
[Date "2012.11.04"]
[Round "6"]
[White "Paniga, Danilo"]
[Black "Guzzetti, Luigi Enrico"]
[Result "1-0"]
[WhiteElo "1849"]
[BlackElo "1923"]
[PlyCount "59"]
[EventDate "2012.11.01"]
[EventType "swiss"]
[EventRounds "6"]
[EventCountry "ITA"]
[SourceTitle "EXT 2014"]
[Source "ChessBase"]
[SourceDate "2013.11.20"]
[SourceVersion "1"]
[SourceVersionDate "2013.11.20"]
[SourceQuality "1"]

1. d4 Nf6 2. Nf3 g6 3. Nbd2 Bg7 4. e4 d6 5. Bd3 0-0 6. 0-0 c6 7. c3 Qc7 8. Re1 Nbd7 9. Qc2 e5 10. dxe5 Nxe5 11. Nxe5 dxe5 12. a4 Be6 13. b4 Rfd8 14. Bf1 Nh5 15. a5 Nf4 16. Nc4 Rd7 17. Be3 Bxc4 18. Bxc4 Bf8 19. g3 Nh5 20. Red1 Rxd1+ 21. Rxd1 c5 22. Qb3 b6 23. Bd5 Rc8 24. axb6 axb6 25. b5 Nf6 26. c4 Kg7 27. Bg5 Ng8 28. Bc6 Qb8 29. Rd7 h6 30. Qf3 1-0

[Event "Villa Guardia D Oro Cup 30th"]
[Site "Villa Guardia"]
[Date "2012.11.01"]
[Round "2"]
[White "Paniga, Danilo"]
[Black "Bernasconi, Roberto"]
[Result "0-1"]
[WhiteElo "1849"]
[BlackElo "1954"]
[PlyCount "58"]
[EventDate "2012.11.01"]
[EventType "swiss"]
[EventRounds "6"]
[EventCountry "ITA"]
[SourceTitle "EXT 2014"]
[Source "ChessBase"]
[SourceDate "2013.11.20"]
[SourceVersion "1"]
[SourceVersionDate "2013.11.20"]
[SourceQuality "1"]

1. d4 d5 2. Nf3 Nf6 3. e3 e6 4. Nbd2 Bd6 5. Bd3 0-0 6. 0-0 Nbd7 7. c3 b6 8. e4 dxe4 9. Nxe4 Nxe4 10. Bxe4 Rb8 11. Re1 Nf6 12. Bc2 Bb7 13. h3 Re8 14. Ne5 Bf8 15. Ng4 Nxg4 16. Qxg4 g6 17. Bf4 Rc8 18. Bg5 Be7 19. Bxe7 Rxe7 20. Qg5 Rd7 21. Qe3 c5 22. dxc5 Rxc5 23. Rad1 Rcd5 24. Qe2 Rd2 25. Rxd2 Rxd2 26. Rd1 Qg5 27. Qg4 Qxg4 28. hxg4 Rxc2 29. Rd7 Bd5 0-1

[Event "Arco op"]
[Site "Arco"]
[Date "2011.12.29"]
[Round "6"]
[White "Paniga, Danilo"]
[Black "Oltramari, Silvano"]
[Result "1/2-1/2"]
[WhiteElo "1840"]
[BlackElo "1583"]
[PlyCount "96"]
[EventDate "2011.12.26"]
[EventType "swiss"]
[EventRounds "7"]
[EventCountry "ITA"]
[SourceTitle "EXT 2023"]
[Source "ChessBase"]
[SourceDate "2022.10.05"]
[SourceVersion "1"]
[SourceVersionDate "2022.10.05"]
[SourceQuality "1"]

1. d4 d5 2. Nf3 Nf6 3. e3 g6 4. Nbd2 Bg7 5. Bd3 0-0 6. 0-0 a6 7. a4 b6 8. b4 Nbd7 9. c3 Re8 10. e4 dxe4 11. Nxe4 Bb7 12. Nxf6+ Nxf6 13. Re1 c5 14. dxc5 bxc5 15. Bb2 Qb6 16. b5 Rad8 17. Qc2 Bxf3 18. gxf3 a5 19. c4 Qd6 20. Rad1 Qf4 21. Be2 h5 22. Bc1 Qc7 23. Be3 Rd7 24. Rxd7 Nxd7 25. Rd1 Kh7 26. Kg2 f5 27. f4 e5 28. Qd2 exf4 29. Bxf4 Ne5 30. Qd5 Qe7 31. Qd6 Nxc4 32. Qxe7 Rxe7 33. Bxc4 Re4 34. b6 Rxf4 35. b7 Be5 36. Rd5 Rxc4 37. Rxe5 Rb4 38. Rxc5 Rxb7 39. Rxa5 Kg7 40. Ra8 Kf6 41. a5 Kg5 42. a6 Re7 43. a7 Rb7 44. Kg3 h4+ 45. Kg2 Rc7 46. Kf3 Rc2 47. Kg2 Rc7 48. Kf3 Rc2 1/2-1/2

[Event "Arco op"]
[Site "Arco"]
[Date "2011.12.27"]
[Round "3"]
[White "Rizzo, Giuseppe"]
[Black "Paniga, Danilo"]
[Result "0-1"]
[WhiteElo "1732"]
[BlackElo "1840"]
[PlyCount "49"]
[EventDate "2011.12.26"]
[EventType "swiss"]
[EventRounds "7"]
[EventCountry "ITA"]
[SourceTitle "EXT 2023"]
[Source "ChessBase"]
[SourceDate "2022.10.05"]
[SourceVersion "1"]
[SourceVersionDate "2022.10.05"]
[SourceQuality "1"]

1. d4 f5 2. Nf3 Nf6 3. Bf4 g6 4. h3 Bg7 5. e3 d6 6. Nbd2 0-0 7. Bc4+ Kh8 8. Ng5 Qe8 9. Be6 h6 10. h4 Nh5 11. Bxc8 Qxc8 12. Nh3 e5 13. dxe5 dxe5 14. Bh2 Nc6 15. 0-0 Qe6 16. c3 Bf6 17. g3 f4 18. g4 Bxh4 19. exf4 Nxf4 20. Nxf4 exf4 21. Qf3 Ne5 22. Qxb7 Qxg4+ 23. Kh1 Nd3 24. Ne4 Qf3+ 25. Kg1 0-1

[Event "Porto San Giorgio op 23rd"]
[Site "Porto San Giorgio"]
[Date "2011.08.23"]
[Round "3"]
[White "Conti, Ferdinando"]
[Black "Paniga, Danilo"]
[Result "0-1"]
[WhiteElo "1800"]
[BlackElo "1858"]
[PlyCount "78"]
[EventDate "2011.08.21"]
[EventType "swiss"]
[EventRounds "9"]
[EventCountry "ITA"]
[SourceTitle "CBM 144 Extra"]
[Source "ChessBase"]
[SourceDate "2011.10.28"]
[SourceVersion "1"]
[SourceVersionDate "2011.10.28"]
[SourceQuality "1"]

1. Nf3 f5 2. b4 Nf6 3. Bb2 g6 4. e3 Bg7 5. c4 0-0 6. a4 d6 7. Qb3 e5 8. Be2 Nc6 9. 0-0 h6 10. d4 e4 11. Nfd2 Ne7 12. Nc3 c6 13. f3 d5 14. cxd5 cxd5 15. fxe4 fxe4 16. Ncxe4 Nxe4 17. Nxe4 Nf5 18. Nc3 Nxe3 19. Rxf8+ Kxf8 20. Nb5 Nf5 21. Rf1 Kg8 22. g4 Ne7 23. Qf3 Be6 24. Qg3 Rc8 25. Qd3 a6 26. Na3 Qd7 27. Qd1 g5 28. h3 Qd6 29. Qe1 Ng6 30. Bf3 Nf4 31. Bg2 Bd7 32. a5 Nd3 33. Qd2 Qxb4 34. Qxd3 Qxb2 35. Bxd5+ Kh8 36. Rb1 Bxd4+ 37. Kh1 Rc1+ 38. Rxc1 Qxc1+ 39. Kg2 Qg1+ 0-1

[Event "Porto San Giorgio op 23rd"]
[Site "Porto San Giorgio"]
[Date "2011.08.23"]
[Round "4"]
[White "Paniga, Danilo"]
[Black "Sagripanti, Michele"]
[Result "0-1"]
[WhiteElo "1858"]
[BlackElo "1990"]
[PlyCount "54"]
[EventDate "2011.08.21"]
[EventType "swiss"]
[EventRounds "9"]
[EventCountry "ITA"]
[SourceTitle "CBM 144 Extra"]
[Source "ChessBase"]
[SourceDate "2011.10.28"]
[SourceVersion "1"]
[SourceVersionDate "2011.10.28"]
[SourceQuality "1"]

1. d4 Nf6 2. Nf3 g6 3. Nbd2 d5 4. e3 Bg7 5. Bd3 0-0 6. 0-0 c5 7. Ne5 cxd4 8. exd4 Nc6 9. Ndf3 Qb6 10. c3 Bd7 11. Nxd7 Nxd7 12. Qb3 Qxb3 13. axb3 e5 14. dxe5 Ndxe5 15. Nxe5 Nxe5 16. Rd1 Rfd8 17. Be3 a6 18. Bf1 Nc6 19. Bb6 Rd7 20. b4 Re8 21. Rd3 Re6 22. Bc5 Ne5 23. Rd2 Bh6 24. Rd4 b6 25. Bxa6 bxc5 26. Bc8 cxd4 27. Bxd7 dxc3 0-1

[Event "Nago Torbole op-A"]
[Site "Nago Torbole"]
[Date "2010.12.29"]
[Round "7"]
[White "Lezzerini, Marco"]
[Black "Paniga, Danilo"]
[Result "1/2-1/2"]
[WhiteElo "1731"]
[BlackElo "1871"]
[PlyCount "102"]
[EventDate "2010.12.26"]
[EventType "swiss"]
[EventRounds "7"]
[EventCountry "ITA"]
[SourceTitle "EXT 2024"]
[Source "ChessBase"]
[SourceDate "2023.10.10"]
[SourceVersion "1"]
[SourceVersionDate "2023.10.10"]
[SourceQuality "1"]

1. d4 f5 2. g3 g6 3. Bg2 Nf6 4. Nf3 Bg7 5. 0-0 0-0 6. c4 d6 7. Nc3 Qe8 8. d5 a5 9. Rb1 Na6 10. a3 Bd7 11. Nd4 c6 12. b3 h6 13. Bb2 Nc7 14. e3 e5 15. dxe6 Nxe6 16. Nxe6 Qxe6 17. Ne2 Be8 18. Qc2 Bf7 19. Rfd1 Rfd8 20. Rd2 Ne4 21. Bxe4 fxe4 22. Bxg7 Kxg7 23. Rbd1 g5 24. Nd4 Qe5 25. Rc1 Bh5 26. c5 d5 27. Qc3 Kh7 28. Rb2 Rf8 29. b4 axb4 30. Rxb4 Rf7 31. Rcb1 Qf6 32. R1b2 Ra7 33. Qc1 Bf3 34. R4b3 g4 35. Qb1 Qg7 36. Ne6 Qf6 37. Nd4 Qe7 38. Nf5 Qxc5 39. Rxb7 Kg6 40. Nh4+ Kg5 41. Rxf7 Rxf7 42. Rc2 Qxa3 43. Rxc6 Rb7 44. Rg6+ Kh5 45. Qe1 Qa2 46. Rc6 Rb1 47. Rc1 Rxc1 48. Qxc1 Qc4 49. Qe1 Qc6 50. Ng2 Bxg2 51. Kxg2 Kg5 1/2-1/2

[Event "Nago Torbole op-A"]
[Site "Nago Torbole"]
[Date "2010.12.29"]
[Round "6"]
[White "Paniga, Danilo"]
[Black "Tortorella, Giancarlo"]
[Result "1-0"]
[WhiteElo "1871"]
[BlackElo "1796"]
[PlyCount "101"]
[EventDate "2010.12.26"]
[EventType "swiss"]
[EventRounds "7"]
[EventCountry "ITA"]
[SourceTitle "EXT 2024"]
[Source "ChessBase"]
[SourceDate "2023.10.10"]
[SourceVersion "1"]
[SourceVersionDate "2023.10.10"]
[SourceQuality "1"]

1. d4 Nf6 2. Nf3 g6 3. Nbd2 Bg7 4. e4 0-0 5. Bd3 d6 6. 0-0 Nbd7 7. c3 e5 8. dxe5 Nxe5 9. Nxe5 dxe5 10. Qc2 Qe7 11. a4 Nd7 12. b4 a5 13. b5 Rd8 14. Re1 Bf8 15. Nf3 Nc5 16. Bg5 f6 17. Bc4+ Be6 18. Bxe6+ Qxe6 19. Be3 Rd7 20. Red1 Rad8 21. Rxd7 Rxd7 22. Bxc5 Bxc5 23. Rd1 Rxd1+ 24. Qxd1 Qd6 25. Qxd6 Bxd6 26. Nd2 b6 27. Kf1 Kf7 28. Ke2 Ke6 29. Kd3 Bc5 30. f3 h5 31. Nb3 Kd6 32. Nxc5 Kxc5 33. h4 g5 34. g3 c6 35. bxc6 Kxc6 36. Kc4 Kb7 37. Kb5 Kc7 38. c4 Kb7 39. c5 bxc5 40. Kxc5 gxh4 41. gxh4 Ka6 42. Kc6 Ka7 43. Kb5 Kb7 44. Kxa5 Kc6 45. Kb4 Kd6 46. Kc4 Kc6 47. a5 Kd6 48. Kb5 Kc7 49. Kc5 Kd7 50. a6 Kc7 51. Kd5 1-0

[Event "Nago Torbole op-A"]
[Site "Nago Torbole"]
[Date "2010.12.26"]
[Round "2"]
[White "Paniga, Danilo"]
[Black "Silini, Riccardo"]
[Result "0-1"]
[WhiteElo "1871"]
[BlackElo "1628"]
[PlyCount "156"]
[EventDate "2010.12.26"]
[EventType "swiss"]
[EventRounds "7"]
[EventCountry "ITA"]
[SourceTitle "EXT 2024"]
[Source "ChessBase"]
[SourceDate "2023.10.10"]
[SourceVersion "1"]
[SourceVersionDate "2023.10.10"]
[SourceQuality "1"]

1. d4 Nf6 2. Nf3 d5 3. e3 Bg4 4. Nbd2 e6 5. c3 c5 6. Bd3 Nc6 7. 0-0 Be7 8. dxc5 Bxc5 9. e4 0-0 10. h3 dxe4 11. Nxe4 Bxf3 12. Qxf3 Nxe4 13. Qxe4 g6 14. Bh6 Re8 15. Rad1 Qc7 16. Qh4 Be7 17. Qf4 Qxf4 18. Bxf4 e5 19. Bc1 f5 20. b3 a6 21. Bb2 Bc5 22. Bc4+ Kf8 23. Rd7 Re7 24. Rfd1 b5 25. Be2 Ke8 26. R7d5 Bb6 27. Rd6 Rc8 28. Ba3 Rec7 29. c4 b4 30. Bc1 Bc5 31. R6d5 Bd4 32. Be3 Bxe3 33. fxe3 e4 34. g4 Rd8 35. gxf5 Rxd5 36. Rxd5 Ne7 37. Ra5 Nxf5 38. Kf2 Rf7 39. Rxa6 Nd4+ 40. Ke1 Nxe2 41. Kxe2 Rf3 42. Re6+ Kd7 43. Rxe4 Rxh3 44. Rf4 Rh2+ 45. Rf2 Rh1 46. Kf3 Ke6 47. Ke4 Rh4+ 48. Kf3 Ke5 49. Kg3 Rh1 50. Kg2 Re1 51. Kf3 Rg1 52. Rd2 Rf1+ 53. Kg2 Ra1 54. Kf3 Rf1+ 55. Ke2 Ra1 56. Kf3 h5 57. Ke2 h4 58. Kf3 Rg1 59. Rd5+ Ke6 60. Rd2 g5 61. Kf2 Rg3 62. Rd5 g4 63. Rd4 Rf3+ 64. Ke2 Rg3 65. c5 h3 66. Rd6+ Ke5 67. Rh6 Rg2+ 68. Kf1 Rxa2 69. c6 h2 70. c7 Rc2 71. Rxh2 Rxc7 72. Rh5+ Ke4 73. Rb5 Kf3 74. Kg1 Kxe3 75. Rxb4 Kf3 76. Rb8 Rc1+ 77. Kh2 g3+ 78. Kh3 Rh1# 0-1

[Event "Nago Torbole op-A"]
[Site "Nago Torbole"]
[Date "2010.12.26"]
[Round "1"]
[White "Panjkovic, Aleksandar"]
[Black "Paniga, Danilo"]
[Result "1-0"]
[WhiteElo "2165"]
[BlackElo "1871"]
[PlyCount "53"]
[EventDate "2010.12.26"]
[EventType "swiss"]
[EventRounds "7"]
[EventCountry "ITA"]
[SourceTitle "EXT 2024"]
[Source "ChessBase"]
[SourceDate "2023.10.10"]
[SourceVersion "1"]
[SourceVersionDate "2023.10.10"]
[SourceQuality "1"]

1. c4 f5 2. g3 Nf6 3. Bg2 g6 4. Nc3 Bg7 5. Nf3 0-0 6. 0-0 d6 7. d3 e5 8. Bd2 Na6 9. Rb1 c6 10. b4 Nc7 11. c5 Re8 12. cxd6 Qxd6 13. b5 Bd7 14. Ng5 Re7 15. Na4 Nfd5 16. e4 Nb6 17. Bb4 Qf6 18. Bxe7 Qxe7 19. bxc6 Bxc6 20. Qb3+ Kf8 21. Nxb6 axb6 22. Qxb6 Rxa2 23. Qxc7 Qxg5 24. Ra1 Qd2 25. Qd6+ Kf7 26. exf5 gxf5 27. Bd5+ 1-0

[Event "Imperia op-B 50th"]
[Site "Imperia"]
[Date "2008.09.05"]
[Round "7"]
[White "Paniga, Danilo"]
[Black "Palka, Miroslav"]
[Result "1-0"]
[WhiteElo "1816"]
[BlackElo "2038"]
[PlyCount "89"]
[EventDate "2008.08.31"]
[EventType "swiss"]
[EventRounds "9"]
[EventCountry "ITA"]
[SourceTitle "EXT 2011"]
[Source "ChessBase"]
[SourceDate "2010.11.26"]
[SourceVersion "1"]
[SourceVersionDate "2010.11.26"]
[SourceQuality "1"]

1. d4 d5 2. Nf3 Nf6 3. e3 g6 4. Nbd2 Bg7 5. Bd3 b6 6. c3 Bb7 7. Qe2 0-0 8. 0-0 Nbd7 9. e4 dxe4 10. Nxe4 c5 11. Nxf6+ exf6 12. Be3 Re8 13. Qd2 cxd4 14. Nxd4 Ne5 15. f3 Nxd3 16. Qxd3 f5 17. Rfe1 Qh4 18. Bf2 Qg5 19. Kh1 Rad8 20. Qb5 Re7 21. Rxe7 Qxe7 22. Re1 Qd7 23. Qxd7 Rxd7 24. Kg1 Bf6 25. Be3 Kg7 26. Kf2 h5 27. Nb3 Bh4+ 28. g3 Be7 29. Nd4 Bf6 30. Nb3 Bd8 31. Nd4 Rd5 32. Re2 Bf6 33. Rd2 Rd8 34. Nb5 Rxd2+ 35. Bxd2 a6 36. Nd4 Bd5 37. a3 Be7 38. b4 h4 39. Be3 hxg3+ 40. hxg3 b5 41. Ne2 Kf6 42. Bd4+ Kg5 43. Be3+ f4 44. Nxf4 Ba2 45. Nd5+ 1-0

[Event "Cesenatico op"]
[Site "Cesenatico"]
[Date "2007.09.04"]
[Round "4"]
[White "Rossi, Carlo"]
[Black "Paniga, Danilo"]
[Result "1-0"]
[WhiteElo "1697"]
[BlackElo "1802"]
[PlyCount "21"]
[EventDate "2007.09.01"]
[EventType "swiss"]
[EventRounds "7"]
[EventCountry "ITA"]
[SourceTitle "CBM 120 Extra"]
[Source "ChessBase"]
[SourceDate "2007.11.01"]
[SourceVersion "1"]
[SourceVersionDate "2007.11.01"]
[SourceQuality "1"]

1. e4 e5 2. Nf3 Nc6 3. Bb5 a6 4. Ba4 Nge7 5. d4 b5 6. Bb3 Ng6 7. Bd5 Qe7 8. Ng5 Rb8 9. Bxf7+ Kd8 10. dxe5 Ngxe5 11. Ne6+ 1-0

[Event "Bergamo op 06th"]
[Site "Bergamo"]
[Date "2007.07.20"]
[Round "1"]
[White "D'Ingiullo, Roberto"]
[Black "Paniga, Danilo"]
[Result "1/2-1/2"]
[WhiteElo "2134"]
[BlackElo "1802"]
[PlyCount "61"]
[EventDate "2007.07.20"]
[EventType "swiss"]
[EventRounds "6"]
[EventCountry "ITA"]
[SourceTitle "EXT 2024"]
[Source "ChessBase"]
[SourceDate "2023.10.10"]
[SourceVersion "1"]
[SourceVersionDate "2023.10.10"]
[SourceQuality "1"]

1. e4 d6 2. Nc3 Nf6 3. g3 c6 4. Bg2 e5 5. a3 g6 6. Nge2 Bg7 7. 0-0 0-0 8. d3 Ne8 9. f4 f5 10. Be3 fxe4 11. Nxe4 d5 12. Nd2 exf4 13. Bc5 Nd6 14. c3 fxg3 15. Nxg3 Rxf1+ 16. Qxf1 Nf5 17. Nxf5 Bxf5 18. Nf3 Nd7 19. Bd4 Nf8 20. Bxg7 Kxg7 21. Nd4 Bd7 22. Re1 Qf6 23. Qe2 Re8 24. Qd2 Rxe1+ 25. Qxe1 Ne6 26. Nxe6+ Qxe6 27. Qf2 b6 28. a4 Qf6 29. Qe3 Qe6 30. Qd4+ Qf6 31. Qe3 1/2-1/2